Die Predigt Im 19. Jahrhundert : Kritische Bemerkungen und Praktische Winke.

Bibliographic Details
Main Author: Drews, Paul.
Format: eBook
Language:German
Published: Berlin/Boston : Walter de Gruyter GmbH, 1903.
Edition:1st ed.
Series:Vorträge der Theologischen Konferenz Zu Giessen Series
Subjects:
Online Access:Click to View
LEADER 01545nam a22003613i 4500
001 EBC7014809
003 MiAaPQ
005 20240729202203.0
006 m o d |
007 cr cnu||||||||
008 240729s1903 xx o ||||0 ger d
020 |a 9783111574066  |q (electronic bk.) 
035 |a (MiAaPQ)EBC7014809 
035 |a (Au-PeEL)EBL7014809 
035 |a (OCoLC)1330932657 
040 |a MiAaPQ  |b eng  |e rda  |e pn  |c MiAaPQ  |d MiAaPQ 
100 1 |a Drews, Paul. 
245 1 4 |a Die Predigt Im 19. Jahrhundert :  |b Kritische Bemerkungen und Praktische Winke. 
250 |a 1st ed. 
264 1 |a Berlin/Boston :  |b Walter de Gruyter GmbH,  |c 1903. 
264 4 |c ©1903. 
300 |a 1 online resource (68 pages) 
336 |a text  |b txt  |2 rdacontent 
337 |a computer  |b c  |2 rdamedia 
338 |a online resource  |b cr  |2 rdacarrier 
490 1 |a Vorträge der Theologischen Konferenz Zu Giessen Series ;  |v v.19 
588 |a Description based on publisher supplied metadata and other sources. 
590 |a Electronic reproduction. Ann Arbor, Michigan : ProQuest Ebook Central, 2024. Available via World Wide Web. Access may be limited to ProQuest Ebook Central affiliated libraries.  
655 4 |a Electronic books. 
776 0 8 |i Print version:  |a Drews, Paul  |t Die Predigt Im 19. Jahrhundert  |d Berlin/Boston : Walter de Gruyter GmbH,c1903 
797 2 |a ProQuest (Firm) 
830 0 |a Vorträge der Theologischen Konferenz Zu Giessen Series 
856 4 0 |u https://ebookcentral.proquest.com/lib/matrademy/detail.action?docID=7014809  |z Click to View